Stability of Compoounded Formulations (Record no. 75589)

MARC details
000 -LEADER
fixed length control field 00398pam a2200157 a 4500
020 ## - INTERNATIONAL STANDARD BOOK NUMBER
International Standard Book Number 9781582120072
Terms of availability
041 ## - LANGUAGE CODE
Language code of text/sound track or separate title eng
082 ## - DEWEY DECIMAL CLASSIFICATION NUMBER
Classification number 615.19
Item number TRI
100 ## - MAIN ENTRY--PERSONAL NAME
Personal name Trissel, L A.
245 ## - TITLE STATEMENT
Title Stability of Compoounded Formulations
Medium Textual Documents
250 ## - EDITION STATEMENT
Edition statement 2nd ed.
260 ## - PUBLICATION, DISTRIBUTION, ETC.
Place of publication, distribution, etc. Washington:
Name of publisher, distributor, etc. APHA ,
Date of publication, distribution, etc. 2000.
300 ## - PHYSICAL DESCRIPTION
Extent 433.
653 ## - INDEX TERM--UNCONTROLLED
Uncontrolled term Pharmaceutical/Medicinal Chemistry
930 ## - EQUIVALENCE OR CROSS-REFERENCE-UNIFORM TITLE HEADING [LOCAL, CANADA]
Uniform title 2304
Holdings
Withdrawn status Lost status Damaged status Not for loan Collection Home library Current library Date acquired Source of acquisition Cost, normal purchase price Total Checkouts Full call number Barcode Date last seen Copy number Price effective from Koha item type
          Poona College of Pharmacy, Pune Poona College of Pharmacy, Pune 29/10/2007 Sai Book Centre 3910.00   615.19 TRI PCP-HRD-388 24/02/2023 1 24/02/2023 Book